[Event "FRA-chT2B 0506"]
[Site "France"]
[Date "2005.11.20"]
[Round "3.9"]
[White "Clofullia, Angelique"]
[Black "Barraud, Anne"]
[Result "1-0"]
[WhiteElo "2013"]
[BlackElo "1499"]
[PlyCount "93"]
[EventDate "2005.10.27"]
[EventType "team-tourn"]
[EventRounds "11"]
[EventCountry "FRA"]
[SourceTitle "EXT 2006"]
[Source "ChessBase"]
[SourceDate "2005.11.24"]
[SourceVersion "1"]
[SourceVersionDate "2005.11.24"]
[SourceQuality "1"]
[WhiteTeam "Arras"]
[BlackTeam "Bagneux"]
[WhiteTeamCountry "FRA"]
[BlackTeamCountry "FRA"]

1. d4 d5 2. Nf3 Nd7 3. Bf4 e5 4. Nxe5 Bd6 5. Nd3 Qf6 6. Bxd6 cxd6 7. c3 Nb6 8. Nd2 Ne7 9. g3 Na4 10. Qxa4+ Nc6 11. Bg2 Be6 12. 0-0 0-0 13. Nf4 a6 14. Bxd5 Bh3 15. Nxh3 Qf5 16. Bg2 b5 17. Qd1 a5 18. Bxc6 Ra7 19. Nf4 b4 20. cxb4 axb4 21. Qb3 Ra6 22. Be4 Qf6 23. Qd3 Rb6 24. Bxh7+ Kh8 25. Nd5 Qd8 26. Nxb6 Qxb6 27. Bf5 d5 28. a4 g6 29. Bg4 Qf6 30. Bf3 g5 31. a5 Rg8 32. a6 Qe7 33. a7 Ra8 34. Qa6 Qd7 35. Qh6+ Kg8 36. Qxg5+ Kf8 37. Qxd5 Qxa7 38. Rxa7 Rxa7 39. Qc5+ Re7 40. Ra1 f6 41. Ra8+ Kf7 42. Bd5+ Re6 43. Qf8+ Kg6 44. Qg8+ Kf5 45. Qxe6+ Kg6 46. Rg8+ Kh5 47. Qh3# 1-0

[Event "FRA-chT2W 0203"]
[Site "France"]
[Date "2003.03.16"]
[Round "9"]
[White "Le Bail, Clara"]
[Black "Barraud, Anne"]
[Result "1-0"]
[WhiteElo "1790"]
[BlackElo "1499"]
[PlyCount "35"]
[EventDate "2002.10.??"]
[EventType "team"]
[EventRounds "11"]
[EventCountry "FRA"]
[SourceTitle "EXT 2004"]
[Source "ChessBase"]
[SourceDate "2003.11.25"]
[SourceVersion "1"]
[SourceVersionDate "2003.11.25"]
[SourceQuality "1"]
[WhiteTeam "Rennes"]
[BlackTeam "Bagneux"]
[WhiteTeamCountry "FRA"]
[BlackTeamCountry "FRA"]

1. e4 e6 2. d4 b6 3. Nc3 Bb7 4. Bd3 Bb4 5. Bd2 Nf6 6. Nge2 0-0 7. a3 Ba5 8. b4 Nc6 9. bxa5 Nxa5 10. Nf4 Re8 11. e5 Nd5 12. Ncxd5 exd5 13. Qh5 Nc6 14. Qxh7+ Kf8 15. Nxd5 f6 16. Bg6 Rxe5+ 17. dxe5 Qe8 18. Qh8# 1-0